Responses for show #2115 - Friday, November 12, 1993

1993 Celebrity Jeopardy! game 5.

Contestants

[<< previous game]

Sinbad, a TV star from The Sinbad Show

Tim Daly, a Tony Award nominee and TV star from Wings

Harry Anderson, a TV actor from Dave's World

[next game >>]

Jeopardy! Round responses

ANIMALS
CLASSIC TV
FOOD
AMERICAN HISTORY
INTERNATIONAL STARS
3-LETTER WORDS
    $100 26
black widow

Tim
    $100 1
Bonanza

Harry
    $100 16
eel

Harry
    $100 11
slavery

Sinbad
    $100 6
Mel Gibson

Tim
    $100 17
dim

Tim
    $200 27
(Harry: What is a leopard and a tiger?)

lion and tiger

HarrySinbad
    $200 2
(Sinbad: Who is David Janssen?)

Richard Kimble

HarrySinbad
    $200 22
corn & lima beans

Harry
    $200 12
July 4, 1976

Sinbad
    $200 7
Bruce Lee

Harry
    $200 18
hut

Tim
    $300 28
zebra

Sinbad
    $300 3
Ronald Reagan

Harry
    $300 23
(Tim: What is angelini?)
(Alex: Angelini or [*]? Can we accept that?)
(Tim: [*]?)
(Alex: Angelini, is that good enough?)
(Tim: It's the Italian word.)
(Alex: Angelini is the Italian word Tim says.)
(Tim: You mean I have to give all the answers in English?)
[Laughter]
(Alex: One of the new rules.)

angel hair

Tim
    $300 13
Benedict Arnold

Harry
    $300 8
Anthony Hopkins

Harry
    $300 19
lap

Tim
    $400 29
whale

Sinbad
    $400 4
maid

Harry
    $400 24
(Tim: That's the Italian name, by the way.)

calamari

Tim
    $1,000 14
the Quakers

Harry
    $400 9
Gerard Depardieu

Sinbad
    $400 20
(Tim: What is the...?)

nap

HarryTim
    $500 30
bat

Harry
    $500 5
(Rowan & Martin's) Laugh-In

Tim
    $500 25
Thai food

Tim
    $500 15
Joseph McCarthy

Tim
    $500 10
Isabella Rossellini

Harry
    $500 21
...
(Harry: Never say [*].)
[Laughter]

die

Harry

Scores at the first commercial break (after clue 14):

Harry Tim Sinbad
$3,300 $600 $500

Scores at the end of the Jeopardy! Round:

Harry Tim Sinbad
$4,800 $2,600 $1,400

Double Jeopardy! Round responses

COUNTRIES OF THE WORLD
SHAKESPEARE
SONG LYRICS
THE BODY HUMAN
BUSINESS & INDUSTRY
THE "OSCAR"s
    $200 21
Mexico

Sinbad
    $200 2
Hamlet

Harry
    $200 11
a girl's best friend

Tim
    $200 10
spinal cord

Tim
    $200 23
Gillette

Tim
    $200 12
Oscar Hammerstein

Harry
    $400 22
Spain

Harry
    $400 3
Cleopatra

Harry
    $400 1
(Tim: What is the blues?)

fun

HarryTim
    $400 13
tonsils

Sinbad
    $400 17
Oscar de la Renta

Sinbad
    $600 24
[The end-of-round signal sounds.]

Germany

Tim
    $600 4
Julius Caesar

Sinbad
    $600 5
"Bye Bye Blackbird"

Harry
    $600 14
enamel

Harry
    $600 19
...
(Alex: We have a minute left in the round.)

Oscar Wilde

Harry
    $800 7
(Tim: What is All's Well That Ends Well?)

Much Ado About Nothing

HarryTim
    $800 6
"Makin' Whoopee"

Tim
    $1,200 15
(Alex: The more you earn the more frightened you seem to be, Harry.)
(Harry: I didn't know it showed. I'll take Charley Weaver to block.)

wrist

Harry
    $800 18
Oscar Levant

Harry
    $2,200 8
Othello

Harry
    $1000 9
(Harry: [*]?)
(Alex: Yeah, he said it in a question form.)
(Harry: What is [*]?)
(Alex: Go again.)
(Harry: Is unsure the same as a question?)
[Laughter]

dancing cheek to cheek

Harry
    $1000 16
(Sinbad: Oh, uh, um, what's the spleen?)
(Harry: What is the stomach?)

liver

HarrySinbad
Triple Stumper
    $1000 20
Oscar de la Hoya

Tim

Scores at the end of the Double Jeopardy! Round:

Harry Tim Sinbad
$13,200 $4,400 $2,000
(lock game)

[wagering suggestions for these scores]

Final Jeopardy! Round responses

COMEDIANS
SinbadWho is Chevy Chase
$2,000
TimWho is Sinbad
$3,000
HarryWho is LouieLouie Anderson
$4,599
Chevy Chase

Final scores:

Harry Tim Sinbad
$8,601 $1,400 $4,000
Winner: Doubled prize, if end-of-week high scorer 3rd place: $10,000 2nd place: $10,000

Game dynamics:

Coryat scores:

Harry Tim Sinbad
$11,000 $4,400 $2,000
27 R
(including 3 DDs),
2 W
16 R,
3 W
10 R,
2 W

Combined Coryat: $17,400

The J! Archive is created by fans, for fans. Scraping, republication, monetization, and malicious use prohibited; this site may use cookies and collect identifying information. See terms. The Jeopardy! game show and all elements thereof, including but not limited to copyright and trademark thereto, are the property of Jeopardy Productions, Inc. and are protected under law. This website is not affiliated with, sponsored by, or operated by Jeopardy Productions, Inc. Join the discussion at JBoard.tv.